000 00509nam a2200217Ia 4500
003 0100
008 130303s9999 xx 000 0 und d
020 _a0333652460
040 _cARRUPELIB
050 _aD299.R26 2005
100 _aRapport, Michael
245 _aNineteenth-century europe
260 _aNew York
260 _bPalgrave Macmillan
260 _C2005
300 _a422p.
300 _b 23 cm
440 _aHistory of Europe
650 _bExistentialism--History
942 _2lcc
_01
999 _c61690
_d61690